000 00200 a2200097 4500
001 45553
100 _aMclnerney, J
245 _aRansom
260 _aLondon
_bJonathan cape
_c
090 _c28717
_d28717
942 _aNUST-CAE
_cM
_c20799
999 _c280626
_d280626